00889nam a22002537a 450000500170000001000130001702000220003003500130005203700160006504000120008108200130009310000260010624501230013226000440025527000410029930000330034049000290037365000220040265000230042470000250044794200220047299900190049495201220051320170124110114.0 aA-806187 c28.00a8123717393 aA-806187 bCen Lib/Ret aDPLbEN aFT-bELW aElwin, Verrier927763 aWhen the world was young :cby Verrier Elwin; illustrated by Amina Jayal bfolk-tales from india's hills and forests / aNew Delhi bNational Book Trust c1995  bNew Delhi aA-5, Green Park e110016 axiii, 98p. :c17cm(Hb)bill. aFolklore of India Series aliterature 96262 afolk-tales 927764 aJayal, Amina 979114 2ddccENhFT-mELW c130645d130645 00104070aLbLd2015-07-10eCen Lib/Retg28.00l0oFT- ELWpA-806187r2015-07-10 00:00:00t1v28.00w2015-07-10yEN